Cálculo comercial
Publicado:
Barcelona :
Servicio de Extensión de Enseñanzas Técnicas, editorial y escuela por correspondencia ,
1942
Descripción Física:
164 p. ; 22 cm
Otros Autores:
Servicio de Extensión de Enseñanzas Técnicas
Materias:
Càlcul
MARC
| LEADER | 00000nam a2200000Ia 4500 | ||
|---|---|---|---|
| 001 | 8122 | ||
| 008 | 160829s1942 xx 000 0 cat d | ||
| 080 | |a C-1-460 | ||
| 245 | |a Cálculo comercial | ||
| 260 | |a Barcelona : |b Servicio de Extensión de Enseñanzas Técnicas, editorial y escuela por correspondencia, |c 1942 | ||
| 300 | |a 164 p. ; |c 22 cm | ||
| 650 | |a Càlcul |9 37527 | ||
| 700 | |a Servicio de Extensión de Enseñanzas Técnicas |9 22818 | ||
| 710 | 1 | |a Barcelona (Catalunya : Província). |b Diputació |9 52408 | |
| 901 | |a Arxiu | ||
| 942 | |n 1 | ||
| 952 | |0 0 |1 0 |4 0 |6 C1460 |7 1 |9 47911 |a Arxiu |b Arxiu |d 2016-12-01 |l 0 |o C-1-460 |p 8122 |r 2016-12-01 00:00:00 |w 2016-12-01 |y ARXIU | ||
| 999 | |c 51711 |d 51711 | ||